Statistiques concernant Noms Romains de lieux

Cliquez ici pour prendre le quiz!

Statistiques générales

  • Ce quiz a été pris 6 136 fois
    (6 080 depuis la dernière actualisation)
  • Le résultat moyen est 15 sur 21

Statistiques - réponses

Noms RomainsCatégoriesRéponses% Correct
ItaliaPaysItalie
100%
HispaniaPaysEspagne
99%
FlorentiaVilleFlorence
96%
LondiniumVilleLondres
93%
GalliaPaysFrance
89%
LutetiaVilleParis
89%
MassiliaVilleMarseille
87%
NeapolisVilleNaples
85%
TolosaVilleToulouse
83%
HelvetiaPaysSuisse
78%
LugdunumVilleLyon
77%
AsiaPaysTurquie
66%
LusitaniaPaysPortugal
65%
MesopotamiaPaysIrak
64%
ParthiaPaysIran
55%
AfricaPaysTunisie
54%
BurdigalaVilleBordeaux
50%
CaledoniaRégionÉcosse
36%
HiberniaIleIrlande
36%
MediolanumVilleMilan
34%
Colonia AgrippinaVilleCologne
19%

Distribution des résultats

Percentile par nombre de réponses

% des personnes avec chaque résultat

Votre développement - résultats

Vous n’avez pas pris ce quiz depuis la dernière actualisation